000 00906nam a22002537i 4500
999 _c23301
_d23301
003 AR-CdUCM
008 250528b20182018 pe||||| |||| 00| 0 spa d
040 _aMUNICIPALIDAD PROVINCIAL DEL CUSCO
_cBIBLIOTECA MUNICIPAL DEL CUSCO
041 _hspa
082 _aEP / 807 / B95C
_bB95C
100 _aBustamante Quispe, Mario
_951181
245 _aCusco, mapas, historias, tradiciones, y mucho más :
_bOjotín y Goyo /
260 _aCusco :
_bAutor-Editor
_c2018
300 _a58 páginas. :
_bIlustraciones
_c24x17 cm.
505 _aHistoria de la calle Amargura -- Historia de la calle Purgatorio -- Historia de la calle Suecia
650 _aCalle Amargura
_951183
650 _aCalle Suecia
_951184
650 _aCalle Purgatorio
_951185
650 _aCalle Ceniza
_951186
650 _aCalle Tigre
_932590
856 _fwww.qosqomic.blogspot.com
942 _2ddc
_cLIBROS
945 _apbjr
_d28-05-2025